000 00765nam a22001697a 4500
999 _c61352
_d61352
003 Ge_BSU
005 20240222173140.0
008 240222s1959 ge ||||| |||| 00| 0 geo d
041 _ageo
080 _a821.111(092შექსპირი)+821.111.09 ქ-27
245 _aქართული შექსპირიანა :
_b[სტატიების კრებული] კრ. 1 /
_cრედ. ნიკო ყაისაშვილი.
264 _aთბილისი :
_c1959.
_bხელოვნება,
300 _a334 გვ.:
_bილ.;
_c21 სმ.
653 _aქართული შექსპირიანა
700 _aყაისაშვილი, ნიკო
_eრედაქტორი
_921264
942 _2udc
_cBK